La señal de la luz : (Registro nro. 14007)

Detalles MARC
000 -LEADER
fixed length control field 01304nam a2200289 a 4500
003 - CONTROL NUMBER IDENTIFIER
control field DO-SdBNP
005 - DATE AND TIME OF LATEST TRANSACTION
control field 20220203122832.0
008 - FIXED-LENGTH DATA ELEMENTS--GENERAL INFORMATION
fixed length control field 091009s1992 dr ac r 000 0 spa d
040 ## - CATALOGING SOURCE
Original cataloging agency DO-SdBNP
Language of cataloging spa
Transcribing agency BPMSU
082 ## - DEWEY DECIMAL CLASSIFICATION NUMBER
Classification number 972.9302
Item number S438L 1992
Edition number 22
245 03 - TITLE STATEMENT
Title La señal de la luz :
Remainder of title el Faro a Colón, trayecto histórico 1852-1992 /
Statement of responsibility, etc. edición Juan José Ayuso, José Israel Cuello.
260 ## - PUBLICATION, DISTRIBUTION, ETC. (IMPRINT)
Place of publication, distribution, etc. Santo Domingo :
Name of publisher, distributor, etc. Grupo Selman,
Date of publication, distribution, etc. 1992.
300 ## - PHYSICAL DESCRIPTION
Extent 153 p. :
Other physical details il., retrs. ;
Dimensions 24 cm.
500 ## - GENERAL NOTE
General note Incluye referencias bibliográficas y notas al pie de las páginas
500 ## - GENERAL NOTE
General note V Centenario del Descubrimiento y conquista de América
504 ## - BIBLIOGRAPHY, ETC. NOTE
Bibliography, etc Bibliografía : p. 151 -153
505 0# - FORMATTED CONTENTS NOTE
Formatted contents note El labrado de mármol --
Title Breve descripción del proyecto y propuesta de lectura simbólica --
-- Ingeniería de luces. (Iemca en el proyecto) 1986-1992 --
-- La señal de la luz 1852-1992 --
-- Apéndice --
-- Bibliografía
590 ## - LOCAL NOTE (RLIN)
Local note Inventariado, 2020/VM
600 14 - SUBJECT ADDED ENTRY--PERSONAL NAME
Personal name Colón, Cristóbal,
Dates associated with a name *1451?-1506
610 2# - SUBJECT ADDED ENTRY--CORPORATE NAME
Corporate name or jurisdiction name as entry element Faro a Colón (Santo Domingo, República Dominicana)
650 #4 - SUBJECT ADDED ENTRY--TOPICAL TERM
Topical term or geographic name as entry element Monumentos
Geographic subdivision República Dominicana
651 #4 - SUBJECT ADDED ENTRY--GEOGRAPHIC NAME
Geographic name República Dominicana
General subdivision Historia
700 1# - ADDED ENTRY--PERSONAL NAME
Personal name Ayuso, Juan José
Relator term editor
700 1# - ADDED ENTRY--PERSONAL NAME
Personal name Cuello José Israel
Relator term editor
910 ## - USER-OPTION DATA (OCLC)
User-option data VMateo V.
942 ## - ADDED ENTRY ELEMENTS (KOHA)
Source of classification or shelving scheme Dewey Decimal Classification
Koha item type Libros
Existencias
Withdrawn status Lost status Source of classification or shelving scheme Damaged status Not for loan Collection code Home library Current library Date acquired Full call number Barcode Date last seen Price effective from Koha item type
    Dewey Decimal Classification     Colección Dominicana Biblioteca Pública Metropolitana Salomé Ureña Biblioteca Pública Metropolitana Salomé Ureña 02/03/2022 BPMSU CD 972.9302 S438L 1992 BPMSU22020017 02/03/2022 02/03/2022 Libros